Gay & gray : the older homosexual man /

Uloženo v:
Podrobná bibliografie
Hlavní autor: Berger, Raymond M. (Autor)
Médium: Kniha
Jazyk:angličtina
Vydáno: Boston : Alyson, [19..?]
Tagy: Přidat tag
Žádné tagy, Buďte první, kdo vytvoří štítek k tomuto záznamu!

MARC

LEADER 00000nam a22000007i 4500
001 IT\ICCU\UBO\3546852
003 ItRI
005 20260115231829.0
008 081219s1990 xxu|||||| ||||| |||||c
020 |a 0932870600 
040 |b ita  |c importazione bologna sebina 
041 7 |a eng  |2 ISO-639-2 
100 1 |a Berger, Raymond M.  |0 IT\ICCU\UMCV\044977  |4 aut 
245 1 0 |a Gay & gray :  |b the older homosexual man /  |c Raymond M. Berger. 
260 |a Boston :  |b Alyson,  |c [19..?] 
300 |a 233 p. ;  |c 23 cm. 
942 |2 ddc  |c BK  |n 0 
952 |0 0  |1 0  |4 0  |6 DOC_306_766000000000000_BER  |7 0  |9 13723  |a BO  |b BO  |d 2026-01-15  |i 1570  |l 0  |o DOC 306.766 BER  |p BO1570  |r 2026-01-15 23:18:29  |w 2026-01-15  |x [Sebina 5] [1 v.]  |y BK  |z 1 v. 
999 |c 11803  |d 11803